| 000 | 00881nam a2200229Ii 4500 | ||
|---|---|---|---|
| 003 | JO-AjNU | ||
| 008 | 230605s9999||||xx |||||||||||||| ||und|| | ||
| 017 | _a2021/8/4399 | ||
| 020 | _a978-9923-15-109-9 | ||
| 040 |
_aJO-AjNU _bara _erda _cJO-AjNU |
||
| 041 | _aara | ||
| 050 | 1 | 4 | _aK564 2022 |
| 100 | 3 |
_aمحمد، عبدالله ذيب، م.مشارك اسامة اسماعيل دراج, _eauthor _963861 |
|
| 245 | 0 | 0 | _aالوجيز في الجرائم الالكترونية: القواعد الموضوعية والاجرائية |
| 250 | _aط1 | ||
| 264 | 3 | 1 | _aعمان: دار الثقافة للنشر والتوزيع، 2022 |
| 300 | _a272ص | ||
| 336 |
_atext _btxt _2rdacontent |
||
| 337 |
_aunmediated _bn _2rdamedia |
||
| 338 |
_avolume _bnc _2rdacarrier |
||
| 650 | 4 |
_aالجرائم الالكترونية-الجرائم الجنائية-القانون _963862 |
|
| 999 |
_aA28989 _c32557 _d32557 |
||